000 00949cam a22002413a 4500
001 18664
003 PGUSA
005 20140828083410.0
008 060623s2006||||xxu|||||s|||||000 | eng d
040 _aPGUSA
_beng
042 _adc
050 4 _aPS
100 1 _aSharp, Dallas Lore,
_d1870-1929
245 1 4 _aThe Hills of Hingham
_h[electronic resource] /
_cDallas Lore Sharp
260 _bProject Gutenberg,
_c2006
505 0 _aThe hills of Hingham -- The open fire -- The ice crop -- Seed catalogues -- The dustless-duster -- Spring ploughing -- Mere beans -- A pilgrim from Dubuque -- The honey flow -- A pair of pigs -- Leafing -- The little foxes -- Our calendar -- The field of fodder -- Going back to town -- The Christmas tree.
506 _aPublic domain in the USA.
516 _aElectronic text
653 _aCountry life
830 0 _aProject Gutenberg
_v18664
856 4 0 _uhttp://www.gutenberg.org/ebooks/18664
942 _cEB
999 _c247919
_d247919